000 00307nam a22001457a 4500
008 210312b ||||| |||| 00| 0 eng d
020 _a9780385241915
041 _aeng
080 _a37
082 _a37
100 _a25
101 _aEDU
245 _aThe Gaia Peace Atlas
_cBarnaby,F
942 _2udc
_cBK
999 _c56549
_d56549